| 000 | 00435nam a2200157Ia 4500 | ||
|---|---|---|---|
| 008 | 240729s9999 xx 000 0 und d | ||
| 022 | _a2560-6980 | ||
| 245 | 0 | _aEmerging Perspectives | |
| 260 | _aCanada | ||
| 260 | _bUniversity of Calgary | ||
| 650 | _a Psychology | ||
| 650 | _aEducation | Philosophy. Psychology. Religion | ||
| 856 | _uhttps://doaj.org/toc/269ee4e586d94a46b6be29661cebb4db | ||
| 942 | _2ddc | ||
| 942 | _cDOAJEJ | ||
| 999 |
_c71124 _d71124 |
||
| 945 |
_a1 _bMadushi Gamage _c1 _dMadushi Gamage |
||